Penakkannu(പേനക്കണ്ണ്) (Record no. 115503)

MARC details
000 -LEADER
fixed length control field 00220 a2200097 4500
020 ## - INTERNATIONAL STANDARD BOOK NUMBER
International Standard Book Number 9789384075361
100 ## - MAIN ENTRY--PERSONAL NAME
Personal name M. Mukundan
245 ## - TITLE STATEMENT
Title Penakkannu(പേനക്കണ്ണ്)
260 ## - PUBLICATION, DISTRIBUTION, ETC. (IMPRINT)
Name of publisher, distributor, etc SPCS
Date of publication, distribution, etc 2023
942 ## - ADDED ENTRY ELEMENTS (KOHA)
Koha item type On order/under processing
Holdings
Withdrawn status Lost status Damaged status Not for loan Home library Current library Date acquired Source of acquisition Cost, normal purchase price Total Checkouts Barcode Date last seen Cost, replacement price Price effective from Koha item type
        University Library University Library 06/03/2026 294 266.68   00097588 06/03/2026 400.00 06/03/2026 On order/under processing
University Library, CUSAT